00589nam a2200193Ia 450000500170000000800410001702000230005804000190008104100120010008200130011210000230012524501080014826000330025630000130028950400500030265000130035265100200036585000100038520210902123307.0131103s9999 xx 000 0 und d a817824148XcRs 250 aLoreto College aEnglish a320bCHA aChatterjee, Partha 4aThe politics of the governedb Reflections on popular politics in most of the world cPartha Chatterjee aDelhibPermanent Blackc2004 axi,173p  aIncludes bibliographical references and index aPolitics aGlobal Politics aLCLIB